000 00847nam a2200253 a 4500
001 53034
003 BD-RjUL
005 20211209075910.0
008 161002s1988 enka b 001 0 eng
020 _a0412013711 (v. 1) :
_c$34.50 (U.S.)
035 _a(BD-RjUL)53154
040 _aDLC
_cDLC
_dDLC
_beng
041 _aeng
082 0 0 _a519.50285
_223
_bTHE 1988
100 1 _aThisted, Ronald A.
_q(Ronald Aaron),
_d1951-
_9158503
245 1 0 _aElements of statistical computing /
_cRonald A. Thisted.
260 _aNew York :
_bChapman and Hall,
_cc1988
300 _axx, 427 p. :
_bill. ;
_c24 cm.
500 _aIncludes index.
650 0 _aMathematical statistics
_xData processing.
_9154976
856 4 2 _3Publisher description
_uhttp://www.loc.gov/catdir/enhancements/fy0744/86023227-d.html
942 _2ddc
_cBK
999 _c53034
_d53034